[Event "HUN-ch Rapid 2019"]
[Site "Ajka"]
[Date "2019.07.20"]
[Round "8.2"]
[White "Gledura, Benjamin"]
[Black "Banusz, Tamas"]
[Result "1-0"]
[WhiteElo "2654"]
[BlackElo "2626"]
[Annotator "TA"]
[PlyCount "99"]
[EventDate "2019.07.18"]
[EventType "swiss"]
[EventCountry "HUN"]
[SourceTitle "playchess.com"]
[Source "ChessBase"]
[SourceQuality "1"]

{[%evp 15,99,24,34,24,33,14,42,40,38,38,45,35,30,56,29,35,71,72,69,44,45,44,44,44,47,44,44,45,45,-17,64,45,45,45,49,45,43,34,75,86,100,99,115,87,88,72,75,41,78,78,117,68,70,70,69,68,410,305,305,305,438,435,372,270,413,262,335,262,262,262,255,254,242,242,318,317,314,314,29973,29977,29977,29976,29969,29977,29978,29979]} 1. Nf3 d5 2. c4 c6 3. e3 Nf6 4. Nc3 g6 5. d4 Bg7 6. Be2 O-O 7. O-O Be6 8. cxd5 cxd5 9. Qb3 {D94: Grünfeld: 4 Nf3 Bg7 5 e3} Qb6 10. Bd2 (10. Qxb6 axb6 11. Bd2 Ne4 12. Rfc1 Nc6 13. Be1 Rfc8 14. Nxe4 dxe4 15. Nd2 Nb4 16. Rxc8+ Rxc8 17. Nxe4 {½-½ (31) Predojevic,B (2604)-Vachier Lagrave,M (2768) Tromsoe 2014}) 10... Nc6 {[%cal Bb8c6,Bc6b4,Bb4c2][%mdl 32]} 11. Qxb6 {White is slightly better.} axb6 12. Rfc1 Rfc8 13. b3 {[#]} Ne4 $146 ({Predecessor:} 13... h6 14. Na4 Nd7 15. Bb5 Bg4 16. Rc2 Bxf3 17. gxf3 {0-1 (58) Miton,K (2591)-Petrosian,T (2648) Warsaw 2013}) 14. Na4 Nxd2 15. Nxd2 Nb4 16. a3 Nc2 17. Ra2 (17. Nxb6 {with more complications.} Nxa1 18. Rxa1 Rab8 19. Nxc8 Rxc8 20. Kf1) 17... Nxa3 $1 18. Rxc8+ Rxc8 19. Rxa3 {[#] Black must now prevent Bb5.} Rc2 20. Nxb6 Rxd2 21. Bf3 Rb2 {( -> ...Rb1+)} 22. g4 (22. h4 $14) 22... Bf8 (22... Bf6 $11) 23. h4 ({Inferior is} 23. Nxd5 Bxd5 24. Bxd5 e6 $17) (23. Bxd5 Bxg4 24. Ra1 e6 $11) 23... Kg7 24. Kg2 ({But not} 24. Nxd5 Bxd5 25. Bxd5 e6 $17) 24... Rb1 25. Ra7 Rxb3 26. Nxd5 Bxd5 27. Bxd5 $14 {[%mdl 4096] Endgame KRB-KRB} Rb2 28. Bxb7 e6 29. Be4 Bb4 30. d5 Bc5 31. Rd7 {Strongly threatening dxe6.} Bxe3 32. dxe6 Rxf2+ 33. Kg3 {e7 is the strong threat.} Rf6 34. Bd5 $1 {Threatening mate with e7.} Bf2+ 35. Kh3 {White wants to mate with e7.} Bc5 $2 {[%mdl 8192]} (35... Kf8 $14) 36. e7 Bxe7 37. Rxe7 $18 {KRB-KR} h6 (37... Kg8 {might work better.} 38. g5 Rf5) 38. Kg3 Kf8 39. Ra7 Kg7 (39... g5 {keeps fighting.} 40. Rc7 Kg7) 40. Rb7 Kf8 41. Rb3 Rd6 42. Rd3 Kg7 43. Kf4 Rf6+ 44. Ke5 {aiming for Rf3.} Ra6 45. Rc3 Ra7 46. Rf3 Re7+ $2 (46... g5 $18 47. hxg5 hxg5) 47. Kd6 {White mates.} Ra7 48. g5 hxg5 49. hxg5 Kf8 {[#]} 50. Rxf7+ $1 {[%mdl 512] Accuracy: White = 62%, Black = 47%.} 1-0

[Event "HUN-ch Rapid 2019"]
[Site "Ajka"]
[Date "2019.07.20"]
[Round "8.3"]
[White "Czebe, Attila"]
[Black "Balog, Imre"]
[Result "1/2-1/2"]
[WhiteElo "2436"]
[BlackElo "2566"]
[Annotator "TA"]
[PlyCount "84"]
[EventDate "2019.07.18"]
[EventType "swiss"]
[EventCountry "HUN"]
[SourceTitle "playchess.com"]
[Source "ChessBase"]
[SourceQuality "1"]

{[%evp 12,84,23,5,21,17,19,0,7,0,16,-14,-9,-27,-26,-54,-59,-48,-63,-68,-64,-43,-45,-54,-44,-59,-40,-73,-46,-46,-46,-87,-79,-82,-85,-67,-72,-202,-197,-208,-108,-97,-103,-110,-72,-71,-67,-112,-83,-85,-37,-45,-14,-17,-39,-198,-208,-273,-279,-379,-422,-627,-619,-1099,-325,-277,0,0,0,0,0,0,0,0,0]} 1. Nf3 Nf6 2. g3 d5 3. Bg2 g6 4. b3 Bg7 5. Bb2 O-O 6. O-O c6 7. d3 a5 {A07: Réti Opening: New York and Capablanca Systems} (7... Bg4 8. Nbd2 Nbd7 9. h3 Bxf3 10. Nxf3 Re8 11. d4 a5 12. a4 Ne4 13. e3 e6 14. c4 Ndc5 15. Ne5 {1-0 (38) Nakamura,H (2780)-Topalov,V (2749) Saint Louis 2017}) 8. Nbd2 Re8 9. Rb1 Nbd7 $146 {[%cal Bb8d7,Bd7c5,Bc5d3][%mdl 32]} ({Predecessor:} 9... a4 10. b4 Nbd7 11. e4 e5 12. Re1 d4 13. c3 c5 14. bxc5 Nxc5 15. cxd4 Nxd3 16. dxe5 {½-½ (41) Czebe,A (2392)-Mihajlov,S (2357) Budapest 2019}) 10. e4 e5 11. Re1 d4 12. c3 Nc5 13. cxd4 Nxd3 {Strongly threatening ...exd4.} 14. dxe5 Ng4 15. Rf1 Nxb2 16. Rxb2 Nxe5 17. Nxe5 Bxe5 18. Rc2 Be6 19. Nc4 Qxd1 20. Rxd1 Bc7 21. f4 a4 22. e5 axb3 23. axb3 Red8 24. Rcd2 (24. Rcc1 $17 {is a better defense.}) 24... Rxd2 $19 25. Rxd2 {[#]} Ra1+ (25... b5 $1 $19 {[%cal Rb5c4]} 26. Ne3 Bb6) 26. Kf2 $17 Rb1 27. Rd3 Kf8 28. Be4 Rc1 29. Nd6 Bxd6 30. Rxd6 {[%mdl 4096] Endgame KRB-KRB} Ke7 31. Rd4 $1 c5 32. Rd6 b5 {[%cal Bb7b5,Bb5b4][%mdl 32]} 33. Bc6 $2 (33. Rb6 $15) 33... b4 $19 34. Ba4 Rc2+ 35. Kg1 Ra2 36. Rb6 (36. Bb5 $142 Bxb3 37. g4) 36... c4 37. Rb8 {[%csl Ga4][%cal Rb8e8] [#]} f5 $2 (37... Rxa4 $1 {[%mdl 512]} 38. bxc4 (38. bxa4 c3) 38... Bxc4 39. Rb7+ Kd8) 38. Rb7+ Kd8 $2 ({Black should play} 38... Kf8 $19 39. Rb8+ Kg7 40. Rb7+ Kh6) 39. Rxb4 $11 {The position is equal.} c3 40. Rd4+ Ke7 {( -> ...c2)} (40... Kc7 $5 41. Rd1 $8 Bd5 $11) 41. Rd1 Rb2 {...c2 is the strong threat.} 42. Rc1 $1 {[%cal Rc1c3]} Bxb3 {Accuracy: White = 31%, Black = 58%.} 1/2-1/2

[Event "HUN-ch Rapid 2019"]
[Site "Ajka"]
[Date "2019.07.20"]
[Round "8.4"]
[White "Vertetics, Attila"]
[Black "Papp, Gabor"]
[Result "1/2-1/2"]
[WhiteElo "2438"]
[BlackElo "2587"]
[Annotator "TA"]
[PlyCount "40"]
[EventDate "2019.07.18"]
[EventType "swiss"]
[EventCountry "HUN"]
[SourceTitle "playchess.com"]
[Source "ChessBase"]
[SourceQuality "1"]

{[%evp 17,40,37,39,29,40,42,36,35,47,41,40,33,77,40,50,36,67,72,54,60,88,58,63,65,52]} 1. d4 Nf6 2. Nf3 e6 3. c4 c5 4. e3 d5 5. cxd5 exd5 6. Bb5+ Bd7 7. Bxd7+ Nbxd7 8. dxc5 Nxc5 9. O-O Be7 10. b3 {D30: Queen's Gambit Declined: Systems without Nc3} (10. Nc3 O-O 11. b3 Nce4 12. Ne2 Qa5 13. Bb2 Ba3 14. Bxa3 Qxa3 15. Qc1 Qa6 16. Qb2 Rac8 17. Nfd4 Rc7 18. Rac1 Rfc8 19. a4 {1-0 (60) Aronian,L (2780)-Caruana,F (2805) Stavanger 2015}) 10... O-O 11. Bb2 Qd7 12. Nc3 {[%cal Bb1c3,Bc3e2,Be2g3,Bg3f5][%mdl 32]} Rad8 13. Qe2 a6 14. Rfd1 Qf5 $146 ({Predecessor:} 14... Rfe8 15. Rac1 Bf8 16. h3 Qf5 17. Nd4 Qd7 {1-0 (46) Cifuentes Parada,R (2478)-Cebrian Valverde,J (2137) Aragon 2017}) 15. Rac1 (15. Nd4 $5 {[%cal Rd4f5]} Qg5 16. Qf3 $14) 15... Rfe8 16. Qc2 Qh5 17. Ne2 {[#] Bxf6 is the strong threat.} Ne6 18. Ng3 Qg6 19. Nf5 Ne4 20. Nxe7+ Rxe7 {Accuracy: White = 85%, Black = 52%.} 1/2-1/2

[Event "HUN-ch Rapid 2019"]
[Site "Ajka"]
[Date "2019.07.20"]
[Round "8.5"]
[White "Hera, Imre Jr."]
[Black "Aczel, Gergely"]
[Result "1/2-1/2"]
[WhiteElo "2610"]
[BlackElo "2540"]
[Annotator "TA"]
[PlyCount "32"]
[EventDate "2019.07.18"]
[EventType "swiss"]
[EventCountry "HUN"]
[SourceTitle "playchess.com"]
[Source "ChessBase"]
[SourceQuality "1"]

{[%evp 17,32,12,31,28,23,25,51,42,30,11,22,11,12,22,21,0,20]} 1. Nf3 d5 2. g3 c6 3. Bg2 Nf6 4. O-O Bg4 5. c4 e6 6. cxd5 exd5 7. d3 Nbd7 8. h3 Bh5 9. Nc3 Bc5 10. Qb3 {A11: English Opening: 1...c6} Bb6 11. Na4 O-O 12. Nxb6 {White is slightly better.} axb6 13. Qc2 Re8 {The position is equal.} 14. b3 Qe7 {[#]} 15. e3 $146 ({Predecessor:} 15. Re1 c5 16. e3 Nb8 17. Bb2 Nc6 {1-0 (39) Dizdar,G (2549)-Ragger,M (2528) Austria 2007}) 15... b5 16. Bb2 b4 (16... Bxf3 $5 17. Bxf3 b4 $11) 1/2-1/2

[Event "HUN-ch Rapid 2019"]
[Site "Ajka"]
[Date "2019.07.20"]
[Round "8.6"]
[White "Horvath, Peter"]
[Black "Prohaszka, Peter"]
[Result "1/2-1/2"]
[WhiteElo "2418"]
[BlackElo "2598"]
[Annotator "TA"]
[PlyCount "109"]
[EventDate "2019.07.18"]
[EventType "swiss"]
[EventCountry "HUN"]
[SourceTitle "playchess.com"]
[Source "ChessBase"]
[SourceQuality "1"]

{[%evp 9,109,0,0,0,7,0,0,-3,0,0,-2,0,0,0,0,0,-4,-27,0,0,-5,-31,5,0,18,0,8,0,0,0,42,-20,-25,-33,-33,-18,-21,-21,-16,-25,-20,-43,-29,-39,-5,-14,-23,-22,0,0,27,29,29,0,0,-11,0,0,67,58,57,55,116,110,98,100,103,97,156,62,78,55,77,25,71,66,112,136,378,267,154,164,290,8,8,8,8,8,8,8,8,8,8,8,8,8,8,8,8,8,8,8]} 1. d4 d5 2. Bf4 c5 3. e3 cxd4 4. exd4 Nc6 5. c3 Bf5 (5... Nf6 6. Nd2 Bg4 7. Qb3 Qc8 8. Ngf3 e6 9. Bd3 Bh5 10. O-O Bg6 11. Bxg6 hxg6 12. Rae1 Be7 13. g3 O-O 14. Ne5 Nxe5 15. dxe5 Nd7 16. h4 Nc5 17. Qc2 Qc6 18. Re3 Qa6 19. Qb1 Rac8 20. Kg2 b5 {0-1 (50) Duda,J (2738)-Van Foreest,J (2612) Wijk aan Zee 2019}) 6. Nf3 {B13: Caro-Kann: Exchange Variation and Panov-Botvinnik Attack} e6 7. Bd3 Bxd3 8. Qxd3 Nge7 9. Nbd2 Ng6 10. Bg3 Bd6 11. Bxd6 $146 ({Predecessor:} 11. Qe3 O-O 12. Ne5 Bxe5 13. Bxe5 {0-1 (42) Ehab,T (1841)-Girya,O (2456) Astana 2019}) 11... Qxd6 12. O-O O-O 13. Rfe1 Rad8 14. Qe3 Rfe8 15. Ne5 Nf8 16. f4 f6 17. Nxc6 Qxc6 18. Qd3 Qd6 19. g3 Qb6 20. Kg2 (20. a4 $14) 20... Qxb2 $11 21. Reb1 Qa3 22. Rxb7 Rc8 23. Rb3 Qa5 24. a4 Rc6 25. Raa3 Qc7 26. a5 Rb8 27. Rxb8 Qxb8 28. f5 Qd6 (28... Qb2 $5 29. Rb3 $8 Qa2 $11) 29. Rb3 a6 30. fxe6 Nxe6 31. Qe3 Qc7 32. Ra3 Nf8 33. Qf3 Qd6 (33... Rd6 $11) 34. Rb3 $14 Qd8 35. Rb6 $1 $36 {[%cal Rb6c6][%mdl 2048] White fights for an advantage.} Rxb6 (35... Re6 $14) 36. axb6 $16 Qxb6 37. Qxd5+ Qe6 38. Qxe6+ Nxe6 {[%mdl 4096] Endgame KN-KN} 39. Nb3 ({Better is} 39. d5 $16) 39... Kf7 40. Kf3 f5 $1 41. c4 (41. d5 $16 Ng5+ 42. Ke3) 41... Kf6 42. Ke3 g5 43. d5 f4+ $2 {[#]} (43... Ng7 $16 44. Kd4 f4) 44. Ke4 fxg3 45. hxg3 Ng7 (45... Nd8 {was necessary.}) 46. g4 $2 (46. c5 $18 {Strongly threatening d6.} h5 47. d6 (47. Nd4 h4 $18)) 46... h5 $11 {The position is equal.} 47. gxh5 Nxh5 48. c5 Ng3+ 49. Kf3 Nf5 50. c6 Ke5 51. c7 Ne7 52. Nc5 Kxd5 53. Nxa6 Kc6 54. Kg4 Kb7 55. Nc5+ {Accuracy: White = 43%, Black = 48%.} 1/2-1/2

[Event "HUN-ch Rapid 2019"]
[Site "Ajka"]
[Date "2019.07.20"]
[Round "8.7"]
[White "Horvath, Adam"]
[Black "Deak, Sandor"]
[Result "1-0"]
[WhiteElo "2517"]
[BlackElo "2279"]
[Annotator "TA"]
[PlyCount "39"]
[EventDate "2019.07.18"]
[EventType "swiss"]
[EventCountry "HUN"]
[SourceTitle "playchess.com"]
[Source "ChessBase"]
[SourceQuality "1"]

{[%evp 18,39,84,79,139,137,141,149,248,221,261,248,345,354,350,331,572,452,856,631,1390,831,1063,816]} 1. e4 e5 2. Nf3 d6 3. d4 exd4 4. Nxd4 g6 5. Nc3 Bg7 6. Be3 Nf6 7. Qd2 O-O 8. O-O-O Re8 9. f3 Nc6 10. g4 Be6 {C41: Philidor Defence} (10... Nxd4 $142 11. Bxd4 Be6) (10... d5 11. g5 Nh5 12. Nxd5 Nxd4 13. Bxd4 Bxd4 14. Qxd4 Qxg5+ 15. Qd2 Qe5 16. Qc3 Qg5+ 17. Qd2 Qe5 18. f4 Qxe4 {1-0 (28) Sutovsky,E (2675)-Vorotnikov,V (2426) Zuerich 2009}) 11. Nxe6 $16 fxe6 12. g5 Nd7 (12... Nh5 $16) 13. h4 $18 a6 $146 ({Predecessor:} 13... Nb6 14. h5 Ne5 15. Bxb6 axb6 16. f4 Nc6 17. hxg6 hxg6 18. f5 exf5 19. exf5 gxf5 20. Qd5+ {1-0 (20) Hauchard,A (2420)-Wagner,H (2285) Belfort 1992}) 14. h5 b5 15. hxg6 hxg6 16. f4 ({Weaker is} 16. Qh2 Kf7 $16) 16... Nc5 $2 (16... b4 {is a better defense.}) 17. Qh2 {White is clearly winning.} Na4 (17... Qe7 $142 18. Bg2 Rad8) 18. Qh7+ {[%mdl 64] [#] Double Attack} Kf7 {White must now prevent ...Rh8.} 19. Rh6 ({And not} 19. Nxa4 Rh8 $15) 19... Ne7 20. Bd4 1-0

[Event "HUN-ch Rapid 2019"]
[Site "Ajka"]
[Date "2019.07.20"]
[Round "8.8"]
[White "Videki, Sandor"]
[Black "Horvath, Tamas"]
[Result "1/2-1/2"]
[WhiteElo "2401"]
[BlackElo "2306"]
[Annotator "TA"]
[PlyCount "97"]
[EventDate "2019.07.18"]
[EventType "swiss"]
[EventCountry "HUN"]
[SourceTitle "playchess.com"]
[Source "ChessBase"]
[SourceQuality "1"]

{[%evp 12,97,0,-6,4,-2,-1,8,8,8,8,8,12,14,14,13,20,14,23,19,36,26,27,16,18,16,19,16,16,0,4,0,0,0,13,14,14,15,26,21,35,12,57,0,54,24,33,28,72,43,86,49,50,51,60,0,104,62,52,46,37,0,72,0,53,0,73,85,85,56,9,0,0,0,0,0,0,0,0,0,0,0,0,0,0,0,0,0]} 1. c4 c5 2. Nf3 Nf6 3. d4 cxd4 4. Nxd4 e6 5. Nc3 Bb4 6. Bd2 Nc6 7. Nxc6 bxc6 {A32: Symmetrical English: 2 Nf3 Nf6 3 d4 cxd4 4 Nxd4 e6} (7... dxc6 8. e3 e5 9. Qc2 Be6 10. a3 Be7 11. Bd3 O-O 12. O-O Qc7 13. Rfd1 Rad8 14. Be1 g6 15. h3 {0-1 (46) Bruzon Batista,L (2659)-Antipov,M (2569) Berlin 2015}) 8. a3 Be7 9. e4 d5 10. cxd5 cxd5 11. Bb5+ Bd7 12. e5 d4 13. exf6 dxc3 14. Bxc3 $146 ({Predecessor:} 14. fxe7 cxd2+ 15. Qxd2 Qxe7 16. Bxd7+ Qxd7 17. Qxd7+ Kxd7 {0-1 (36) Ferkingstad,G-Orton,L Duisburg 1992}) 14... Bxf6 15. Bxf6 gxf6 16. Bxd7+ Qxd7 17. Qf3 Ke7 18. O-O Rac8 19. Rfd1 Qc6 20. Qe3 Qb6 21. Qe2 Rhd8 22. g3 Qb3 23. Rxd8 Rxd8 $11 {[%mdl 4096] Endgame KQR-KQR} 24. Rc1 Rd7 25. Qc2 Qxc2 26. Rxc2 {KR-KR} f5 27. Kf1 ({White should try} 27. b4 $14) 27... h5 ({Better is} 27... a5 $11) 28. Ke2 Kf6 29. Rc4 e5 30. h4 e4 31. Rc6+ Ke5 32. Rc5+ Kf6 33. b4 Ke6 (33... Rd3 $11 {remains equal.}) 34. Ra5 Rc7 35. Kd2 Rd7+ $1 36. Ke2 Rc7 $1 37. Kd2 Rd7+ $1 38. Kc2 ({White should play} 38. Kc1 $14) 38... Rc7+ (38... Rd3 $1 $11 {keeps the balance.}) 39. Kb3 $16 Rd7 40. Kc4 Rd2 41. Rxa7 {The position is equal.} Rxf2 42. b5 Rb2 43. a4 e3 {[#] aiming for ...e2.} 44. Ra8 {Re8+ is the strong threat.} Ke7 {Threatens to win with ...e2.} (44... Kd7 $5 45. Ra7+ $8 Kd6 $11) 45. Ra7+ $1 Ke6 46. Ra8 Ke7 {Hoping for ...e2.} (46... Kd7 $5 47. Ra7+ $8 Kd6 $11) 47. Ra7+ $1 Ke6 48. Ra8 {[#] Black must now prevent Re8+.} Ke7 {Strongly threatening ...e2.} (48... Kd7 $5 49. Ra7+ $8 Kd6 50. Ra6+ Ke7 51. Ra7+ $11) 49. Ra7+ $1 {Accuracy: White = 49%, Black = 60%.} 1/2-1/2

[Event "HUN-ch Rapid 2019"]
[Site "Ajka"]
[Date "2019.07.20"]
[Round "8.9"]
[White "Popovics, Adam"]
[Black "Gelle, Istvan"]
[Result "1-0"]
[WhiteElo "2365"]
[BlackElo "2325"]
[Annotator "ChessBase"]
[PlyCount "65"]
[EventDate "2019.07.18"]
[EventType "swiss"]
[EventCountry "HUN"]
[SourceTitle "playchess.com"]
[Source "ChessBase"]
[SourceQuality "1"]
[TimeControl "1200+5"]

1. d4 {[%emt 0:00:03]} d5 {[%emt 0:00:01]} 2. c4 {[%emt 0:00:03]} c6 {[%emt 0:00:01]} 3. Nf3 {[%emt 0:00:03]} Nf6 {[%emt 0:00:01]} 4. Nc3 {[%emt 0:00:02]} a6 5. e3 Bf5 6. cxd5 cxd5 7. Qb3 b5 8. a4 b4 9. Na2 a5 10. Bb5+ Bd7 11. O-O e6 12. Bd2 Bd6 13. Qd3 O-O 14. Nc1 Ne4 15. Nb3 Qb6 16. Rfc1 Nc6 17. Rc2 Rfc8 18. Rac1 Rc7 19. Be1 Rac8 20. Nc5 Bxc5 21. dxc5 Qa7 22. Qe2 Nb8 23. Bxd7 Nxd7 24. c6 Nb8 25. Nd4 Nd6 26. f3 e5 27. Bg3 f6 28. Qd3 Kh8 29. Nb5 Nxb5 30. axb5 Rd8 31. Rc5 d4 32. exd4 Rxd4 33. Qxd4 1-0

[Event "HUN-ch Rapid 2019"]
[Site "Ajka"]
[Date "2019.07.20"]
[Round "8.10"]
[White "Karacsonyi, Gellert"]
[Black "Csonka, Balazs"]
[Result "1/2-1/2"]
[WhiteElo "2315"]
[BlackElo "2472"]
[Annotator "TA"]
[PlyCount "51"]
[EventDate "2019.07.18"]
[EventType "swiss"]
[EventCountry "HUN"]
[SourceTitle "playchess.com"]
[Source "ChessBase"]
[SourceQuality "1"]

{[%evp 15,51,-17,21,-13,-13,-13,-13,-13,-13,-13,-13,-13,-13,-25,-11,-25,-15,-37,-37,-46,-46,-46,-46,-55,-28,-28,-11,-60,-29,-36,0,0,0,-20,0,0,0,-16]} 1. e4 e5 2. Nf3 Nc6 3. Bb5 a6 4. Bxc6 dxc6 5. O-O Bg4 6. h3 h5 7. d3 Qf6 8. Nbd2 g5 9. Nc4 {C68: Ruy Lopez: Exchange Variation, sidelines} Bxf3 $1 10. Qxf3 Qxf3 11. gxf3 f6 12. h4 (12. Rd1 Ne7 13. Ne3 {½-½ (13) Solak,D (2635)-Sethuraman,S (2640) Kragujevac 2016}) 12... gxh4 13. Kh2 Bh6 14. Rg1 {White wants to play Rxg8+!} Kf7 15. Rg2 $146 ({Predecessor:} 15. Bxh6 Rxh6 16. Ne3 Ne7 {0-1 (34) Pace,C (2092)-Lesiege,A (2513) Montreal 2017}) 15... Ne7 16. Bxh6 Rxh6 17. Ne3 Rg6 18. Rxg6 Nxg6 $15 {[%mdl 4096] Endgame KRN-KRN} 19. Nf5 c5 20. b3 Rd8 21. a4 a5 22. Kh3 b6 23. Rg1 {The position is equal.} Rh8 24. Rd1 Ke6 25. Rg1 Kf7 26. Rd1 {Accuracy: White = 55%, Black = 36%.} 1/2-1/2

[Event "HUN-ch Rapid 2019"]
[Site "Ajka"]
[Date "2019.07.20"]
[Round "8.11"]
[White "Ruck, Robert"]
[Black "Martini, Balazs"]
[Result "1-0"]
[WhiteElo "2524"]
[BlackElo "2285"]
[Annotator "TA"]
[PlyCount "33"]
[EventDate "2019.07.18"]
[EventType "swiss"]
[EventCountry "HUN"]
[SourceTitle "playchess.com"]
[Source "ChessBase"]
[SourceQuality "1"]

{[%evp 10,33,20,16,43,27,51,54,53,57,52,44,48,40,70,60,87,97,114,96,279,287,291,260,260,260]} 1. Nf3 d5 2. d4 e6 3. c4 dxc4 4. e3 Nf6 5. Bxc4 c5 6. O-O Qc7 {D26: Queen's Gambit Accepted: 4 e3 e6 5 Bxc5 c5 sidelines} (6... Nc6 7. a3 a6 8. dxc5 Qxd1 9. Rxd1 Bxc5 10. Be2 b5 11. b4 Be7 12. Bb2 Bb7 13. Nbd2 O-O 14. Nb3 Rfd8 15. Ne1 Rxd1 16. Rxd1 Rd8 17. Rxd8+ Nxd8 18. f3 Nd7 19. e4 e5 20. g3 f6 21. Bf1 Kf7 {½-½ (29) So,W (2754)-Wei,Y (2736) Abidjan 2019}) 7. Qe2 cxd4 8. exd4 Be7 {White is slightly better.} 9. Nc3 O-O 10. Bg5 Nc6 11. Rac1 $146 {[%mdl 2048] Black is under pressure.} ({Predecessor:} 11. Rad1 h6 12. Bh4 Na5 13. Bd3 Rd8 14. Rfe1 Nc6 15. Bb1 Qa5 16. a3 g5 {1-0 (42) Torrecillas,A-MacNair,A UECC corr 1999}) 11... Qa5 {With the idea ...Nxd4.} 12. Rfd1 Bd7 13. d5 exd5 14. Nxd5 Rfe8 $2 (14... Rae8 $16) 15. Bxf6 {White has a decisive advantage.} Bxf6 16. Nxf6+ {[%mdl 64] Discovered Attack} gxf6 {[#]} 17. Bxf7+ $1 {[%mdl 576] Double Attack. Accuracy: White = 68%, Black = 32%.} 1-0

[Event "HUN-ch Rapid 2019"]
[Site "Ajka"]
[Date "2019.07.20"]
[Round "8.12"]
[White "Medvegy, Zoltan"]
[Black "Varga, Klara"]
[Result "1-0"]
[WhiteElo "2539"]
[BlackElo "2146"]
[Annotator "TA"]
[PlyCount "53"]
[EventDate "2019.07.18"]
[EventType "swiss"]
[EventCountry "HUN"]
[SourceTitle "playchess.com"]
[Source "ChessBase"]
[SourceQuality "1"]

{[%evp 12,53,4,0,24,17,33,-1,85,90,202,203,436,422,462,457,483,378,362,372,519,506,464,406,555,557,574,574,574,563,554,558,643,625,613,583,681,675,738,747,946,941,1272,1245]} 1. c4 e5 2. Nc3 Nf6 3. Nf3 Nc6 4. e3 Bb4 5. Qc2 Bxc3 6. Qxc3 Qe7 7. Be2 d5 {A28: English Opening: Four Knights Variation} (7... O-O 8. d4 Ne4 9. Qc2 exd4 10. exd4 Qb4+ 11. Bd2 Nxd2 12. Qxd2 Qxd2+ 13. Kxd2 d6 14. h3 Bd7 15. Rhe1 Rfe8 {½-½ (30) Vitiugov,N (2709)-Kryvoruchko,Y (2698) Germany 2019}) 8. d4 Ne4 9. Qc2 Qb4+ (9... exd4 $1 $11 {remains equal.} 10. cxd5 Nb4) 10. Nd2 $146 ({Predecessor:} 10. Bd2 Nxd2 11. Qxd2 Qxd2+ 12. Kxd2 dxc4 13. Bxc4 Be6 {½-½ (13) Hochgraefe,M (2356)-Voigt,G (2142) Hamburg 2011}) 10... exd4 (10... Nf6 $16 {was necessary.}) 11. cxd5 $18 Bf5 $2 {[#]} (11... Nxf2 {was called for.} 12. Kxf2 dxe3+ 13. Kf1 Ne7) 12. dxc6 dxe3 13. fxe3 Ng3 14. Qb3 Qxb3 15. Nxb3 Nxh1 16. cxb7 Rb8 17. Bf3 O-O 18. Bd2 {White is clearly winning.} Rfe8 19. Ke2 Be4 20. Nc5 Bxf3+ 21. gxf3 Red8 22. Rxh1 Rd5 23. b4 Rg5 24. e4 Rg2+ 25. Ke3 Rd8 {[#]} 26. Nd7 $1 {[%mdl 512]} Rxd2 (26... Rxd7 27. b8=Q+) 27. Kxd2 {Accuracy: White = 85%, Black =  8%.} 1-0

[Event "HUN-ch Rapid 2019"]
[Site "Ajka"]
[Date "2019.07.20"]
[Round "8.13"]
[White "Nemeth, Zoltan"]
[Black "Jakab, Attila"]
[Result "1/2-1/2"]
[WhiteElo "2275"]
[BlackElo "2377"]
[Annotator "ChessBase"]
[PlyCount "63"]
[EventDate "2019.07.18"]
[EventType "swiss"]
[EventCountry "HUN"]
[SourceTitle "playchess.com"]
[Source "ChessBase"]
[SourceQuality "1"]
[TimeControl "1200+5"]

1. Nf3 {[%emt 0:00:05]} e6 {[%emt 0:00:46]} 2. g3 {[%emt 0:00:03]} b6 {[%emt 0:00:01]} 3. Bg2 {[%emt 0:00:01]} Bb7 {[%emt 0:00:02]} 4. O-O {[%emt 0:00:02]} Nf6 {[%emt 0:00:01]} 5. c4 {[%emt 0:00:07]} Be7 {[%emt 0:00:02]} 6. b3 {[%emt 0:00:02]} O-O {[%emt 0:00:03]} 7. Bb2 {[%emt 0:00:00]} d5 {[%emt 0:00:35]} 8. Ne5 {[%emt 0:00:05]} Nbd7 {[%emt 0:00:06]} 9. Nxd7 {[%emt 0:00:11]} Qxd7 {[%emt 0:00:03]} 10. cxd5 {[%emt 0:00:23]} Nxd5 {[%emt 0:00:22]} 11. Nc3 {[%emt 0:00:11]} Rfd8 {[%emt 0:00:03]} 12. Nxd5 Bxd5 {[%emt 0:00:15]} 13. Bxd5 {[%emt 0:00:07]} Qxd5 {[%emt 0:00:06]} 14. d3 {[%emt 0:00:00]} h5 {[%emt 0:01:54]} 15. Qc2 {[%emt 0:00:10]} c5 {[%emt 0:02:53]} 16. Qc4 {[%emt 0:00:09]} Qf5 {[%emt 0:00:06]} 17. Kg2 {[%emt 0:00:56]} h4 {[%emt 0:00:11]} 18. h3 {[%emt 0:00:38]} Bf6 {[%emt 0:02:11]} 19. Bxf6 {[%emt 0:00:19]} Qxf6 {[%emt 0:00:01]} 20. Qxh4 {[%emt 0:00:12]} Qxh4 {[%emt 0:00:29]} 21. gxh4 {[%emt 0:00:02]} Rd4 {[%emt 0:00:01]} 22. Kg3 {[%emt 0:00:13]} Rad8 {[%emt 0:00:02]} 23. Rac1 {[%emt 0:00:02]} e5 {[%emt 0:00:58]} 24. Rc4 {[%emt 0:00:11]} R8d6 {[%emt 0:00:23]} 25. Rxd4 {[%emt 0:00:20]} exd4 {[%emt 0:00:01]} 26. Re1 {[%emt 0:02:49]} Rg6+ {[%emt 0:00:09]} 27. Kf3 {[%emt 0:00:54]} Rf6+ {[%emt 0:00:04]} 28. Kg3 {[%emt 0:00:04]} Rg6+ {[%emt 0:00:01]} 29. Kh2 {[%emt 0:01:00]} Rf6 {[%emt 0:00:02]} 30. Kg2 {[%emt 0:00:10]} Rg6+ {[%emt 0:00:09]} 31. Kf3 {[%emt 0:00:57]} Rf6+ {[%emt 0:00:03]} 32. Kg3 {[%emt 0:00:01]} 1/2-1/2